Κατάλογος Βιβλιοθηκών Mediterranean College

Ελληνική Γλώσσα / Εγχειρίδιο Διδασκαλίας της Ελληνικής ως Δευτέρης (Ξένης) Γλώσσας (Record no. 3835)

MARC details
000 -LEADER
fixed length control field 01753cam a22002414a 4500
005 - ΗΜΕΡΟΜΗΝΙΑ ΚΑΙ ΩΡΑ ΤΕΛΕΥΤΑΙΑΣ ΕΝΗΜΕΡΩΣΗΣ
Πεδίο ελέγχου 20250605164126.0
008 - FIXED-LENGTH DATA ELEMENTS--GENERAL INFORMATION
Πεδίο ελέγχου σταθερού μήκους 250528s ||||||||||||||||||||||||d
035 ## - SYSTEM CONTROL NUMBER
System control number 18474
020 ## - ISBN
ISBN 9603700487
040 ## - ΠΗΓΗ ΚΑΤΑΛΟΓΟΓΡΑΦΗΣΗΣ
Φορέας πρωτότυπης καταλογογράφησης MC Athens Campus Library
Γλώσσα καταλογογράφησης Ελληνικά, Μοντέρνα (1453-)
Modifying agency MC Athens Campus Library
Κανόνες περιγραφικής καταλογογράφησης AACR2
245 1# - ΤΙΤΛΟΣ ΚΑΙ ΔΗΛΩΣΗ ΥΠΕΥΘΥΝΟΤΗΤΑΣ
Τίτλος Ελληνική Γλώσσα / Εγχειρίδιο Διδασκαλίας της Ελληνικής ως Δευτέρης (Ξένης) Γλώσσας
250 ## - EDITION STATEMENT
Edition statement
260 ## - PUBLICATION, DISTRIBUTION, ETC.
Name of publisher, distributor, etc. Ίδρυμα Μελετών Λαμπράκη,
Date of publication, distribution, etc. 1995
300 ## - PHYSICAL DESCRIPTION
Extent 456
520 ## - SUMMARY, ETC.
Summary, etc. Προφορά και Γραφή, Στην Τάξη, Στη Λαϊκή Αγορά, Ψώνια στο Σούπερ-μάρκετ, Οργανισμοί Κοινής Ωφελείας, Επίσκεψη στον Γιατρό, Ψάχνοντας για Σπίτι, Τα Μέσα Συγκοινωνίας, Μεσοπαθητική Φωνή, Οικογένεια - Επαγγέλματα, Ψάχνοντας για Δουλειά, Μια Οικογένεια, Γνωρίζω την Ελλάδα, Για Ψώνια, Η Διασκέδαση στην Ελλάδα, Η Αθήνα, Θεσμοί - Διοίκηση - Τοπική Αυτοδιοίκηση, Μεσοπαθητική Φωνή, Η Εκπαίδευση, Γιορτές και Έθιμα, Μέσα Μαζικής Ενημέρωσης, Περιήγηση, Παράρτημα, Συνοπτική Γραμματική, Παρατηρήσεις στην Προφορά και τη Γραμματική και τη Σύνταξη.
700 1# - ΠΡΟΣΘΕΤΗ ΑΝΑΓΡΑΦΗ--ΦΥΣΙΚΟ ΠΡΟΣΩΠΟ
Personal name Αναγνωστοπούλου Α
9 (RLIN) 4729
700 1# - ΠΡΟΣΘΕΤΗ ΑΝΑΓΡΑΦΗ--ΦΥΣΙΚΟ ΠΡΟΣΩΠΟ
Personal name Αργυρούδη Ε
9 (RLIN) 4730
700 1# - ΠΡΟΣΘΕΤΗ ΑΝΑΓΡΑΦΗ--ΦΥΣΙΚΟ ΠΡΟΣΩΠΟ
Personal name Κολυβά Ν
9 (RLIN) 4731
700 1# - ΠΡΟΣΘΕΤΗ ΑΝΑΓΡΑΦΗ--ΦΥΣΙΚΟ ΠΡΟΣΩΠΟ
Personal name Μπαμπινιώτης Γ
9 (RLIN) 4732
942 ## - ADDED ENTRY ELEMENTS (KOHA)
Koha item type Books
Holdings
Τύπος τεκμηρίου Βιβλιοθήκη Τρέχουσα τοποθεσία Barcode Αριθμός εισαγωγής Ημερομηνία απόκτησης Ταξιθετικό σύμβολο Αριθμός αντιτύπου Κατάσταση απόσυρσης Κατάσταση χαμένου Κατάσταση κατεστραμμένου Μη δανεισμός Σύνολο δανεισμών Ημερομηνία τελευταίας εμφάνισης Η τιμή ισχύει από
Books MC Athens Campus Library MC Athens Campus Library 9780000038340 3166 05/06/2025 489.380071 BAB 1           05/06/2025 05/06/2025

MC Athens Campus Library
Πατησίων 94 & Κοδριγκτώνος 13, 104 34
Πελλήνης 8 & Πατησίων 107, 112 51
Τ: +30 210 8899600

MC Thessaloniki Campus Library
Ίωνος Δραγούμη 21, 54625 | Ίωνος Δραγούμη 15, 54625
Τ: +30 2310 287779 – Τ: +30 2314 440300